| 000 | 01183cam a2200361 a 4500 | ||
|---|---|---|---|
| 001 | 12524396 | ||
| 003 | EG-ScBUE | ||
| 005 | 20220313151614.0 | ||
| 008 | 010904s2001 enkb f 000 1 eng d | ||
| 020 | _a9780671773755 | ||
| 020 | _a0671773755 | ||
| 035 | _a(OCoLC)ocm46379265 | ||
| 040 |
_aZZC _beng _erda _cZZC _dOCL _dDLC _dEG-ScBUE |
||
| 041 | 1 |
_aeng _hfre |
|
| 043 | _af-ua--- | ||
| 082 | 0 | 4 |
_a843.914 _222 _bJAC |
| 100 | 1 |
_aJacq, Christian, _eauthor. |
|
| 245 | 1 | 4 |
_aThe stone of light : _bPaneb the Ardent / _cChristian Jacq ; translated by Sue Dyson. |
| 264 | 1 |
_aLondon : _bPocket Books, _c2001. |
|
| 300 |
_a441 pages : _bmaps ; _c24 cm. |
||
| 336 |
_2rdacontent _atext _btxt |
||
| 337 |
_2rdamedia _aunmediated _bn |
||
| 338 |
_2rdacarrier _avolume _bnc |
||
| 490 | 0 | _aAuthor of Ramses | |
| 546 | _aText in English ; translated from the French language. | ||
| 650 | _2BUEsh | ||
| 651 | 7 |
_aEgypt _xHistory _yTo 332 B.C. _vFiction. _2BUEsh |
|
| 653 |
_bHHUUEENN _cMarch2022 |
||
| 655 |
_vReading book _934232 |
||
| 700 | 1 |
_aDyson, Sue, _etranslator. |
|
| 942 |
_2ddc _cBB |
||
| 999 |
_c10385 _d10385 |
||